[Event "Jersey op"]
[Site "St Clement Bay"]
[Date "2019.04.13"]
[Round "9"]
[White "Kahn, Tito"]
[Black "Gurner, Jem"]
[Result "0-1"]
[WhiteElo "1922"]
[BlackElo "1751"]
[PlyCount "70"]
[EventDate "2019.04.06"]
[EventType "swiss"]
[EventRounds "9"]
[EventCountry "GCI"]
[SourceTitle "CBM 189 Extra"]
[Source "ChessBase"]
[SourceDate "2019.06.03"]
[SourceVersion "1"]
[SourceVersionDate "2019.06.03"]
[SourceQuality "1"]

1. d4 Nf6 2. Bf4 d5 3. e3 c5 4. dxc5 Nc6 5. Bb5 e6 6. b4 a5 7. c3 Bd7 8. Nf3 axb4 9. Bxc6 Bxc6 10. cxb4 b6 11. 0-0 bxc5 12. bxc5 Bb5 13. Qb3 Bxf1 14. Kxf1 Qa5 15. Ne5 Bxc5 16. Nc3 0-0 17. Nd3 Rfc8 18. a4 d4 19. Nb5 dxe3 20. fxe3 Ne4 21. Ke2 g5 22. Nxc5 Qd2+ 23. Kf3 Nxc5 24. Qc4 gxf4 25. Qxf4 Qd5+ 26. Kg3 Ne4+ 27. Kh4 Qg5+ 28. Qxg5+ Nxg5 29. Nd6 Rc5 30. Rf1 Rxa4+ 31. g4 h5 32. e4 hxg4 33. Kxg4 Nxe4 34. Rf4 Nxd6 35. Rxa4 Rc4+ 0-1

[Event "Jersey op"]
[Site "St Clement Bay"]
[Date "2019.04.08"]
[Round "4"]
[White "Kahn, Tito"]
[Black "Safarian, Alek"]
[Result "1-0"]
[WhiteElo "1922"]
[BlackElo "2005"]
[PlyCount "83"]
[EventDate "2019.04.06"]
[EventType "swiss"]
[EventRounds "9"]
[EventCountry "GCI"]
[SourceTitle "CBM 189 Extra"]
[Source "ChessBase"]
[SourceDate "2019.06.03"]
[SourceVersion "1"]
[SourceVersionDate "2019.06.03"]
[SourceQuality "1"]

1. d4 d5 2. Bf4 c5 3. e3 Nc6 4. c3 Nf6 5. Nd2 Bf5 6. Qb3 Qc8 7. Ngf3 c4 8. Qd1 h6 9. Ne5 g5 10. Bg3 Bg7 11. Be2 0-0 12. 0-0 Ne4 13. Nxe4 Bxe4 14. f3 Bh7 15. Rc1 f6 16. Nxc6 Qxc6 17. b3 b5 18. Re1 a5 19. Qd2 h5 20. Bd1 h4 21. Bf2 cxb3 22. Bxb3 a4 23. Bc2 Bxc2 24. Qxc2 Rfc8 25. Qg6 b4 26. e4 dxe4 27. Rxe4 Rc7 28. Rce1 Qd6 29. Re6 Qd8 30. cxb4 a3 31. d5 Qe8 32. Qxe8+ Rxe8 33. d6 Rb7 34. Bc5 f5 35. Rxe7 Rbxe7 36. Rxe7 Rd8 37. d7 Bf6 38. Re8+ Kf7 39. Rxd8 Bxd8 40. b5 Ke6 41. b6 Kxd7 42. b7 1-0

[Event "Jersey op"]
[Site "St Clement Bay"]
[Date "2019.04.07"]
[Round "2"]
[White "Curtis, Paul"]
[Black "Kahn, Tito"]
[Result "1/2-1/2"]
[WhiteElo "2186"]
[BlackElo "1922"]
[PlyCount "59"]
[EventDate "2019.04.06"]
[EventType "swiss"]
[EventRounds "9"]
[EventCountry "GCI"]
[SourceTitle "CBM 189 Extra"]
[Source "ChessBase"]
[SourceDate "2019.06.03"]
[SourceVersion "1"]
[SourceVersionDate "2019.06.03"]
[SourceQuality "1"]

1. d4 f5 2. Bg5 h6 3. Bh4 g5 4. Bg3 Nf6 5. e3 Bg7 6. Bd3 e6 7. c4 Nc6 8. Nc3 0-0 9. Nge2 d6 10. h4 g4 11. h5 e5 12. Bh4 Qe8 13. c5 exd4 14. Nb5 Qe7 15. cxd6 cxd6 16. Nbxd4 Nxd4 17. Nxd4 f4 18. Qb3+ Kh8 19. 0-0-0 fxe3 20. Rde1 Qc7+ 21. Kb1 exf2 22. Bxf2 Nxh5 23. Rxh5 Rxf2 24. Re8+ Rf8 25. Rxf8+ Bxf8 26. Ne6 Bxe6 27. Qxe6 Rc8 28. Qf6+ Kg8 29. Qe6+ Kh8 30. Qf6+ 1/2-1/2

[Event "EU Small Countries ol 5th"]
[Site "Andorra"]
[Date "2017.11.16"]
[Round "7.3"]
[White "Kahn, Tito"]
[Black "Ribera Baztan, Jose"]
[Result "1/2-1/2"]
[WhiteElo "1869"]
[BlackElo "2120"]
[PlyCount "49"]
[EventDate "2017.11.12"]
[EventType "team-tourn"]
[EventRounds "9"]
[EventCountry "AND"]
[SourceTitle "CBM 181 Extra"]
[Source "ChessBase"]
[SourceDate "2017.12.12"]
[SourceVersion "1"]
[SourceVersionDate "2017.12.12"]
[SourceQuality "1"]
[WhiteTeam "Jersey"]
[BlackTeam "Andorra"]
[WhiteTeamCountry "GCI"]
[BlackTeamCountry "AND"]

1. d4 f5 2. Bg5 g6 3. Nc3 Bg7 4. e4 fxe4 5. Nxe4 d5 6. Ng3 c5 7. c3 cxd4 8. cxd4 Nc6 9. Nf3 Nh6 10. Qd2 Nf7 11. Be3 Bg4 12. Be2 Nd6 13. h3 Bxf3 14. gxf3 Qb6 15. Rd1 Nb5 16. Bxb5 Qxb5 17. f4 e6 18. Ne2 Rc8 19. 0-0 0-0 20. Rc1 Qb6 21. a3 Qd8 22. b4 Qh4 23. Kh2 Qh5 24. Rg1 Qh4 25. Rc5 1/2-1/2

[Event "EU Small Countries ol 5th"]
[Site "Andorra"]
[Date "2017.11.14"]
[Round "4.5"]
[White "Ribbegren, Karl Johan"]
[Black "Kahn, Tito"]
[Result "0-1"]
[WhiteElo "2252"]
[BlackElo "1869"]
[PlyCount "70"]
[EventDate "2017.11.12"]
[EventType "team-tourn"]
[EventRounds "9"]
[EventCountry "AND"]
[SourceTitle "CBM 181 Extra"]
[Source "ChessBase"]
[SourceDate "2017.12.12"]
[SourceVersion "1"]
[SourceVersionDate "2017.12.12"]
[SourceQuality "1"]
[WhiteTeam "Monaco"]
[BlackTeam "Jersey"]
[WhiteTeamCountry "MNC"]
[BlackTeamCountry "GCI"]

1. d4 e6 2. Nf3 b6 3. Nbd2 d5 4. e3 Bb7 5. Bd3 Nf6 6. Ne5 Bd6 7. f4 0-0 8. Qf3 c5 9. c3 Nbd7 10. 0-0 Qc7 11. g4 Rad8 12. g5 Ne4 13. Nxe4 dxe4 14. Bxe4 Bxe4 15. Qxe4 Nxe5 16. fxe5 Be7 17. Qg4 Qc6 18. h4 Kh8 19. Qh5 Qe4 20. Rf4 Qd3 21. Qg4 f6 22. exf6 gxf6 23. Qxe6 Bd6 24. Qf5 Qd1+ 25. Rf1 Qe2 26. Qf2 Qg4+ 27. Qg2 Qxh4 28. e4 Rde8 29. e5 fxe5 30. Be3 exd4 31. Bf2 Qh5 32. cxd4 Rg8 33. dxc5 bxc5 34. Rad1 Rxg5 35. Rxd6 Reg8 0-1

[Event "Olympiad-42"]
[Site "Baku"]
[Date "2016.09.08"]
[Round "6.4"]
[White "Kahn, Tito"]
[Black "Al Mashikhi, Salim Aliyan"]
[Result "1/2-1/2"]
[WhiteElo "1880"]
[BlackElo "2060"]
[PlyCount "142"]
[EventDate "2016.09.02"]
[EventType "team-swiss"]
[EventRounds "11"]
[EventCountry "AZE"]
[SourceTitle "CBM 175"]
[Source "ChessBase"]
[SourceDate "2016.11.10"]
[SourceVersion "1"]
[SourceVersionDate "2016.11.10"]
[SourceQuality "1"]
[WhiteTeam "Jersey"]
[BlackTeam "Oman"]
[WhiteTeamCountry "GCI"]
[BlackTeamCountry "OMN"]

1. d4 Nf6 2. Nf3 e6 3. g3 Be7 4. Bg2 0-0 5. 0-0 d5 6. c4 c6 7. Nc3 Nbd7 8. b3 Qa5 9. Qc2 dxc4 10. bxc4 Nb6 11. Ne5 c5 12. Bd2 cxd4 13. Nd5 Qa3 14. Nxe7+ Qxe7 15. Rab1 Qc7 16. f4 Nbd7 17. Bb4 Rd8 18. Be7 Re8 19. Bxf6 Nxf6 20. Qa4 a6 21. Rfd1 Rd8 22. Qb4 Rb8 23. h3 a5 24. Qb6 Qxb6 25. Rxb6 Ra8 26. e3 Nh5 27. Kh2 f6 28. Nf3 g6 29. g4 Ng7 30. exd4 Ne8 31. d5 exd5 32. cxd5 Rd6 33. Rxd6 Nxd6 34. Nd4 Bd7 35. Rc1 Rc8 36. Rxc8+ Nxc8 37. Kg3 Kf7 38. Kf3 Ke7 39. Ke3 Kd6 40. Ne6 Bxe6 41. dxe6 b5 42. f5 gxf5 43. gxf5 Ke5 44. Be4 b4 45. Bc2 Ne7 46. Kf3 a4 47. Kg4 b3 48. axb3 axb3 49. Bb1 Kd6 50. Kh5 Ng8 51. Kg4 Ke5 52. Kf3 Kd4 53. Be4 Ne7 54. Bb1 Kc3 55. Ke3 Kb2 56. Be4 Kc1 57. Kd4 b2 58. Kc5 b1Q 59. Bxb1 Kxb1 60. Kd6 Nxf5+ 61. Kd7 Kc2 62. Ke8 Nd4 63. Kf7 f5 64. e7 Nb5 65. Ke6 Nc7+ 66. Kxf5 Kd3 67. Kg5 Ke4 68. Kh6 Kf5 69. Kxh7 Kf6 70. h4 Ne8 71. h5 Kxe7 1/2-1/2

[Event "Jersey op"]
[Site "St Clement Bay"]
[Date "2016.04.10"]
[Round "1"]
[White "Houska, Jovanka"]
[Black "Kahn, Tito"]
[Result "1-0"]
[WhiteElo "2376"]
[BlackElo "1917"]
[PlyCount "63"]
[EventDate "2016.04.10"]
[EventType "swiss"]
[EventRounds "9"]
[EventCountry "GCI"]
[SourceTitle "CBM 171 Extra"]
[Source "ChessBase"]
[SourceDate "2016.04.26"]
[SourceVersion "1"]
[SourceVersionDate "2016.04.26"]
[SourceQuality "1"]

1. d4 Nf6 2. Nf3 e6 3. c4 Bb4+ 4. Bd2 a5 5. g3 0-0 6. Bg2 d6 7. 0-0 Nbd7 8. Bc1 a4 9. a3 Ba5 10. Qxa4 c5 11. Qc2 Re8 12. Nc3 Bxc3 13. Qxc3 Ne4 14. Qc2 f5 15. dxc5 dxc5 16. b3 b6 17. Ng5 Ndf6 18. Nxe4 Nxe4 19. Bxe4 fxe4 20. Qxe4 Ra7 21. Bb2 Rd7 22. Qe5 Ree7 23. Bc3 Bb7 24. a4 Qc8 25. f3 Qd8 26. a5 bxa5 27. Rxa5 Rd1 28. Ra1 Rxf1+ 29. Kxf1 Qb6 30. Qb8+ Kf7 31. Ra8 Kg6 32. Qd8 1-0

[Event "EU Small Countries ol 4th"]
[Site "Saint Peter Port"]
[Date "2015.04.23"]
[Round "7.2"]
[White "Kahn, Tito"]
[Black "Ribbegren, Karl Johan"]
[Result "0-1"]
[WhiteElo "1957"]
[BlackElo "2239"]
[PlyCount "68"]
[EventDate "2015.04.19"]
[EventType "team-tourn"]
[EventRounds "9"]
[EventCountry "GCI"]
[SourceTitle "CBM 166 Extra"]
[Source "ChessBase"]
[SourceDate "2015.06.18"]
[SourceVersion "1"]
[SourceVersionDate "2015.06.18"]
[SourceQuality "1"]
[WhiteTeam "Jersey"]
[BlackTeam "Monaco"]
[WhiteTeamCountry "GCI"]
[BlackTeamCountry "MNC"]

1. c4 Nf6 2. g3 c6 3. Bg2 d5 4. d4 g6 5. Nf3 Bg7 6. 0-0 0-0 7. Nc3 dxc4 8. Ne5 Be6 9. a4 Nbd7 10. Nxd7 Qxd7 11. e4 Bh3 12. f3 Bxg2 13. Kxg2 Rfd8 14. Be3 e6 15. b3 c5 16. Ne2 cxd4 17. Bxd4 Ng4 18. fxg4 Qc6 19. Qc2 Bxd4 20. Rad1 e5 21. bxc4 Rac8 22. Nxd4 exd4 23. g5 Qxc4 24. Qf2 d3 25. Qf4 Qa2+ 26. Rd2 Rc2 27. Rff2 Rxd2 28. Rxd2 Qxa4 29. Kf3 Qd4 30. h4 b5 31. g4 b4 32. h5 b3 33. Qc7 b2 34. Rxb2 d2 0-1

[Event "EU Small Countries ol 4th"]
[Site "Saint Peter Port"]
[Date "2015.04.22"]
[Round "5.1"]
[White "Hadjikyriakou, Arsenios"]
[Black "Kahn, Tito"]
[Result "1/2-1/2"]
[WhiteElo "1805"]
[BlackElo "1957"]
[PlyCount "173"]
[EventDate "2015.04.19"]
[EventType "team-tourn"]
[EventRounds "9"]
[EventCountry "GCI"]
[SourceTitle "CBM 166 Extra"]
[Source "ChessBase"]
[SourceDate "2015.06.18"]
[SourceVersion "1"]
[SourceVersionDate "2015.06.18"]
[SourceQuality "1"]
[WhiteTeam "Cyprus"]
[BlackTeam "Jersey"]
[WhiteTeamCountry "CYP"]
[BlackTeamCountry "GCI"]

1. d4 e6 2. c4 Bb4+ 3. Bd2 a5 4. Nc3 Nf6 5. Nf3 0-0 6. Qc2 d5 7. e3 Nbd7 8. Be2 Qe7 9. a3 Bxc3 10. Bxc3 Ne4 11. 0-0 f5 12. b4 Nxc3 13. Qxc3 Nf6 14. Qb2 Ne4 15. Ne5 Rf6 16. f4 c6 17. Bd3 Rh6 18. Bxe4 fxe4 19. c5 a4 20. Qf2 Bd7 21. Ra2 Rf8 22. Qg3 Rf5 23. Qe1 Be8 24. g4 Rf8 25. Rg2 Kh8 26. Qg3 Bg6 27. Rb1 Be8 28. Rf1 Bg6 29. Rff2 Be8 30. Kf1 Qd8 31. Kg1 Qe7 32. Rd2 Bg6 33. Qe1 Ra8 34. Qd1 Be8 35. Rb2 Qc7 36. Qf1 Qe7 37. Qf2 Bg6 38. b5 cxb5 39. Rxb5 Be8 40. Rb6 Rh3 41. Rg3 Rxg3+ 42. Qxg3 Ra5 43. Qh3 Kg8 44. Qg3 Rb5 45. Rxb5 Bxb5 46. Qe1 Be8 47. Kg2 g5 48. fxg5 Qxg5 49. Qf2 Kg7 50. Kg3 Qe7 51. h4 h6 52. Qb2 Kg8 53. Qb6 Kg7 54. Qb2 Kg8 55. Qf2 Kg7 56. Qf4 Qd8 57. g5 h5 58. Qf2 Qe7 59. Qb2 Kg8 60. Qb6 Bc6 61. Qa7 Qf8 62. Kg2 Bb5 63. Qxb7 Qf1+ 64. Kh2 Qf2+ 65. Kh1 Qxh4+ 66. Kg2 Qxg5+ 67. Kf2 Qh4+ 68. Kg2 Qg5+ 69. Kh2 Qh4+ 70. Kg2 Qg5+ 71. Kf2 Qf6+ 72. Kg3 h4+ 73. Kh2 Qf2+ 74. Kh1 Qe1+ 75. Kh2 Qg3+ 76. Kh1 Qh3+ 77. Kg1 Qxe3+ 78. Kh2 Qf2+ 79. Kh1 Qe1+ 80. Kh2 Qg3+ 81. Kh1 Qe1+ 82. Kh2 Qd2+ 83. Kh1 Qc1+ 84. Kh2 Qf4+ 85. Kh1 Qf1+ 86. Kh2 Qf2+ 87. Kh1 1/2-1/2

[Event "Jersey op"]
[Site "St Clement Bay"]
[Date "2015.03.20"]
[Round "9"]
[White "Merry, Alan B"]
[Black "Kahn, Tito"]
[Result "1-0"]
[WhiteElo "2333"]
[BlackElo "1957"]
[PlyCount "71"]
[EventDate "2015.03.15"]
[EventType "swiss"]
[EventRounds "9"]
[EventCountry "GCI"]
[SourceTitle "CBM 165 Extra"]
[Source "ChessBase"]
[SourceDate "2015.04.21"]
[SourceVersion "1"]
[SourceVersionDate "2015.04.21"]
[SourceQuality "1"]

1. e4 c5 2. d3 e6 3. g3 Nc6 4. Bg2 d5 5. Nc3 d4 6. Nce2 Bd6 7. f4 e5 8. Nf3 Bg4 9. 0-0 Nge7 10. Bd2 Qd7 11. c3 Ng6 12. f5 Nge7 13. h3 Bxf3 14. Bxf3 h5 15. Kg2 Ng8 16. cxd4 cxd4 17. Qa4 h4 18. g4 f6 19. a3 Nge7 20. b4 a6 21. Ng1 g5 22. fxg6 Nxg6 23. Bd1 Nf4+ 24. Bxf4 exf4 25. Ne2 b5 26. Qb3 f3+ 27. Rxf3 Ne5 28. Rf5 Nxg4 29. hxg4 h3+ 30. Kh1 Rc8 31. Qd5 Be5 32. Rxe5+ fxe5 33. Qxe5+ Kf7 34. Bb3+ Kg6 35. Nf4+ Kh6 36. Qf6+ 1-0

[Event "Jersey op"]
[Site "St Clement Bay"]
[Date "2015.03.18"]
[Round "6"]
[White "Kahn, Tito"]
[Black "Twitchell, David J"]
[Result "0-1"]
[WhiteElo "1957"]
[BlackElo "1972"]
[PlyCount "114"]
[EventDate "2015.03.15"]
[EventType "swiss"]
[EventRounds "9"]
[EventCountry "GCI"]
[SourceTitle "CBM 165 Extra"]
[Source "ChessBase"]
[SourceDate "2015.04.21"]
[SourceVersion "1"]
[SourceVersionDate "2015.04.21"]
[SourceQuality "1"]

1. d4 Nf6 2. Nf3 d5 3. c4 e6 4. g3 c5 5. Bg2 Nc6 6. cxd5 exd5 7. Nc3 Be7 8. 0-0 0-0 9. dxc5 Bxc5 10. Bg5 Be6 11. Rc1 Be7 12. Nd4 h6 13. Be3 Nxd4 14. Bxd4 Qa5 15. Qb3 Rab8 16. Qb5 Qxb5 17. Nxb5 a6 18. Nc7 Bd6 19. Bxf6 gxf6 20. Nxd5 Be5 21. b3 Rfd8 22. e4 Rd7 23. Rfd1 f5 24. f4 Bg7 25. e5 Rbd8 26. Ne3 Bf8 27. Rxd7 Rxd7 28. Rc2 b6 29. Kf2 Bc5 30. Ke2 Kg7 31. Bf3 f6 32. exf6+ Kxf6 33. Nc4 Bxc4+ 34. Rxc4 Re7+ 35. Kd1 Re3 36. Be2 a5 37. Kd2 Re6 38. Rc2 Be3+ 39. Kd1 Rd6+ 40. Ke1 Bc5 41. Bc4 Bb4+ 42. Ke2 Rd7 43. a4 Re7+ 44. Kf3 Bc5 45. Rd2 Re3+ 46. Kg2 h5 47. h4 Re1 48. Rd5 Rg1+ 49. Kf3 Re1 50. Bd3 Re3+ 51. Kg2 Ke6 52. Bc4 Kf6 53. Rd8 Rc3 54. Rh8 Rc2+ 55. Kh3 Bg1 56. g4 hxg4+ 57. Kg3 Bh2# 0-1

[Event "Olympiad-41"]
[Site "Tromsoe"]
[Date "2014.08.04"]
[Round "3.3"]
[White "Van Hoolandt, Patrick"]
[Black "Kahn, Tito"]
[Result "1/2-1/2"]
[WhiteElo "2236"]
[BlackElo "2000"]
[PlyCount "60"]
[EventDate "2014.08.02"]
[EventType "team-swiss"]
[EventRounds "11"]
[EventCountry "NOR"]
[SourceTitle "CBM 162"]
[Source "ChessBase"]
[SourceDate "2014.09.17"]
[SourceVersion "1"]
[SourceVersionDate "2014.09.17"]
[SourceQuality "1"]
[WhiteTeam "Monaco"]
[BlackTeam "Jersey"]
[WhiteTeamCountry "MNC"]
[BlackTeamCountry "GCI"]

1. d4 d5 2. c4 c6 3. cxd5 cxd5 4. Nf3 Nc6 5. Nc3 Nf6 6. Bf4 Bf5 7. e3 e6 8. Bb5 Nd7 9. Bg3 Be7 10. Rc1 Rc8 11. a3 0-0 12. 0-0 a6 13. Bxc6 bxc6 14. Na4 c5 15. dxc5 Nxc5 16. Nd4 Bg6 17. Nxc5 Bxc5 18. b4 Bxd4 19. Qxd4 Rc4 20. Qd2 f6 21. Rfd1 Qb6 22. Rxc4 dxc4 23. Qc3 Bd3 24. Bc7 Qb5 25. Bd6 Re8 26. Bc5 e5 27. f3 Qa4 28. Rd2 g5 29. e4 Kg7 30. Kf2 h6 1/2-1/2

[Event "EU-ch Small Nations zt 1.10"]
[Site "Larnaka"]
[Date "2014.04.27"]
[Round "7"]
[White "Kahn, Tito"]
[Black "Berg, Olaf"]
[Result "0-1"]
[WhiteElo "1995"]
[BlackElo "2306"]
[PlyCount "48"]
[EventDate "2014.04.22"]
[EventType "tourn"]
[EventRounds "11"]
[EventCountry "CYP"]
[SourceTitle "CBM 160 Extra"]
[Source "ChessBase"]
[SourceDate "2014.07.01"]
[SourceVersion "1"]
[SourceVersionDate "2014.07.01"]
[SourceQuality "1"]

1. d4 Nf6 2. Nf3 d5 3. e3 c6 4. Ne5 Nbd7 5. Nd3 g6 6. Be2 Bg7 7. 0-0 Qc7 8. Nd2 Ne4 9. f4 Ndf6 10. Ne5 Nxd2 11. Bxd2 Ne4 12. c4 f6 13. Nf3 Be6 14. Rc1 Qd7 15. Qb3 0-0 16. c5 Bg4 17. Qd1 Qc7 18. b4 e5 19. fxe5 fxe5 20. Nxe5 Rxf1+ 21. Qxf1 Bxe5 22. dxe5 Nxd2 23. Qe1 Bxe2 24. Qxe2 Ne4 0-1

[Event "EU-ch Small Nations zt 1.10"]
[Site "Larnaka"]
[Date "2014.04.23"]
[Round "3"]
[White "Kahn, Tito"]
[Black "Kirby, Peter J"]
[Result "0-1"]
[WhiteElo "1995"]
[BlackElo "1990"]
[PlyCount "92"]
[EventDate "2014.04.22"]
[EventType "tourn"]
[EventRounds "11"]
[EventCountry "CYP"]
[SourceTitle "CBM 160 Extra"]
[Source "ChessBase"]
[SourceDate "2014.07.01"]
[SourceVersion "1"]
[SourceVersionDate "2014.07.01"]
[SourceQuality "1"]

1. c4 c5 2. g3 g6 3. Bg2 Bg7 4. Nc3 Nc6 5. d3 e6 6. e4 Nge7 7. Nge2 a6 8. 0-0 0-0 9. Bg5 h6 10. Be3 Nd4 11. Qd2 Kh7 12. f4 d6 13. g4 f5 14. g5 h5 15. h4 Rb8 16. Rac1 Nec6 17. Ng3 Re8 18. exf5 exf5 19. Nd5 Ne7 20. Rce1 Nxd5 21. Bxd5 Be6 22. Bxe6 Nxe6 23. Ne2 d5 24. cxd5 Qxd5 25. Nc3 Qc6 26. Qf2 Nd4 27. Kh2 Re6 28. Bxd4 Bxd4 29. Qg2 Qxg2+ 30. Kxg2 Rbe8 31. Rxe6 Rxe6 32. Rf3 Kg7 33. Kf1 Kf7 34. Rg3 b5 35. Nd1 Ke7 36. Rg2 Be3 37. Nxe3 Rxe3 38. Re2 Rxe2 39. Kxe2 Kd6 40. b3 Kd5 41. a4 bxa4 42. bxa4 Kd4 43. a5 c4 44. dxc4 Kxc4 45. Ke3 Kc3 46. Ke2 Kd4 0-1

[Event "EU Small Countries ol 3rd"]
[Site "Monte Carlo"]
[Date "2013.11.26"]
[Round "2"]
[White "Kahn, Tito"]
[Black "Kobler, Mario"]
[Result "0-1"]
[WhiteElo "1992"]
[BlackElo "2092"]
[PlyCount "40"]
[EventDate "2013.11.25"]
[EventType "team-tourn"]
[EventRounds "9"]
[EventCountry "MNC"]
[SourceTitle "CBM 157 Extra"]
[Source "ChessBase"]
[SourceDate "2013.12.19"]
[SourceVersion "1"]
[SourceVersionDate "2013.12.19"]
[SourceQuality "1"]
[WhiteTeam "Jersey"]
[BlackTeam "Liechenstein"]
[WhiteTeamCountry "GCI"]
[BlackTeamCountry "LIE"]

1. d4 Nf6 2. Nf3 g6 3. Nc3 b6 4. e4 d6 5. Be3 Bg7 6. Bc4 e6 7. d5 e5 8. Bb5+ Kf8 9. h3 a6 10. Bd3 Nbd7 11. Qd2 h6 12. Nh2 Nc5 13. f3 Nfd7 14. 0-0-0 Nxd3+ 15. Qxd3 Nc5 16. Qd2 a5 17. Ng4 h5 18. Nh6 f5 19. exf5 gxf5 20. Bg5 Qxg5 0-1

[Event "London op Congress August"]
[Site "London"]
[Date "2013.08.25"]
[Round "4"]
[White "Kahn, Tito"]
[Black "Giles, Yasmin"]
[Result "0-1"]
[WhiteElo "2020"]
[BlackElo "1882"]
[PlyCount "74"]
[EventDate "2013.08.24"]
[EventType "swiss"]
[EventRounds "6"]
[EventCountry "ENG"]
[SourceTitle "EXT 2023"]
[Source "ChessBase"]
[SourceDate "2022.10.05"]
[SourceVersion "1"]
[SourceVersionDate "2022.10.05"]
[SourceQuality "1"]

1. d4 d5 2. Nf3 Nf6 3. Bf4 Bf5 4. e3 e6 5. Be2 Bd6 6. Bxd6 Qxd6 7. Nbd2 Nbd7 8. Nh4 Be4 9. f3 Bg6 10. Nxg6 hxg6 11. f4 0-0-0 12. c3 Rh7 13. Bd3 Rdh8 14. h3 Rh6 15. Qf3 Rh4 16. 0-0-0 a6 17. Kb1 Kb8 18. Rhf1 Qb6 19. Rc1 c5 20. Qf2 R4h7 21. Qg3 Ka7 22. Nf3 Rb8 23. Ne5 Qc7 24. Qf3 Nb6 25. Rh1 Nc8 26. Ng4 Nd6 27. Nxf6 gxf6 28. e4 dxe4 29. Bxe4 Nxe4 30. Qxe4 Rh4 31. g3 Rh5 32. h4 Rd8 33. dxc5 Qxc5 34. Rce1 Rhd5 35. Qe3 Rd1+ 36. Kc2 Qxe3 37. Rxd1 Rxd1 0-1

[Event "Olympiad-40"]
[Site "Istanbul"]
[Date "2012.09.04"]
[Round "7.2"]
[White "Kahn, Tito"]
[Black "Mongiello, Anthony"]
[Result "1-0"]
[WhiteElo "2049"]
[BlackElo "1622"]
[PlyCount "102"]
[EventDate "2012.08.28"]
[EventType "team-swiss"]
[EventRounds "11"]
[EventCountry "TUR"]
[SourceTitle "CBM 151"]
[Source "ChessBase"]
[SourceDate "2012.11.13"]
[SourceVersion "1"]
[SourceVersionDate "2012.11.13"]
[SourceQuality "1"]
[WhiteTeam "Jersey"]
[BlackTeam "US Virgin Islands"]
[WhiteTeamCountry "JCI"]
[BlackTeamCountry "ISV"]

1. d4 d5 2. Nf3 Nf6 3. Bf4 e6 4. e3 Bd6 5. Bg3 0-0 6. Nbd2 c5 7. c3 c4 8. Ne5 Qc7 9. f4 Nc6 10. Be2 b5 11. 0-0 Ne7 12. Bf2 Nd7 13. Bg4 f6 14. Bxe6+ Kh8 15. Nf7+ Rxf7 16. Bxf7 Nf8 17. Bh5 Bf5 18. Be2 g5 19. g3 Bh3 20. Re1 Nfg6 21. Bg4 Bxg4 22. Qxg4 gxf4 23. exf4 Rg8 24. Qe6 Rg7 25. Kh1 Bxf4 26. gxf4 Qxf4 27. Qe3 Qg4 28. Rg1 Qd7 29. Rae1 Rg8 30. Qe6 Qxe6 31. Rxe6 Rf8 32. Bg3 Nc8 33. Rf1 Kg7 34. Nf3 h6 35. Nh4 Nxh4 36. Bxh4 f5 37. Re5 Kg6 38. Rxd5 a6 39. Bg3 Nb6 40. Rd6+ Rf6 41. Rxf6+ Kxf6 42. Kg2 Nd5 43. Kf3 Kg5 44. h4+ Kg6 45. Re1 h5 46. Re5 Nf6 47. Re6 Kf7 48. Rxf6+ Kxf6 49. Be5+ Ke6 50. Kf4 a5 51. Bc7 Kd5 1-0

[Event "Olympiad-40"]
[Site "Istanbul"]
[Date "2012.08.30"]
[Round "3.2"]
[White "Lebrun, Piersont"]
[Black "Kahn, Tito"]
[Result "1-0"]
[WhiteElo "1973"]
[BlackElo "2049"]
[PlyCount "71"]
[EventDate "2012.08.28"]
[EventType "team-swiss"]
[EventRounds "11"]
[EventCountry "TUR"]
[SourceTitle "CBM 151"]
[Source "ChessBase"]
[SourceDate "2012.11.13"]
[SourceVersion "1"]
[SourceVersionDate "2012.11.13"]
[SourceQuality "1"]
[WhiteTeam "Haiti"]
[BlackTeam "Jersey"]
[WhiteTeamCountry "HAI"]
[BlackTeamCountry "JCI"]

1. d4 Nf6 2. Nf3 g6 3. c4 Bg7 4. Nc3 d5 5. e3 0-0 6. Qb3 c6 7. Bd3 e6 8. 0-0 Nbd7 9. a4 dxc4 10. Bxc4 Nb6 11. Be2 Nbd5 12. Rd1 Qb6 13. Qc2 Nb4 14. Qb1 a5 15. b3 Rd8 16. Bb2 Bd7 17. Ne5 Rac8 18. Ne4 Nxe4 19. Qxe4 Be8 20. Bc4 Nd5 21. Qh4 Qc7 22. Rac1 Qe7 23. Qg3 b5 24. axb5 cxb5 25. Bf1 Qb4 26. e4 Nf6 27. Qe3 a4 28. f3 a3 29. Ba1 Qa5 30. g4 Qb6 31. b4 Nd7 32. Rxc8 Rxc8 33. Nxd7 Bxd7 34. Qxa3 Rd8 35. Qa5 Qb7 36. Qxd8+ 1-0

[Event "Olympiad-39"]
[Site "Khanty-Mansiysk"]
[Date "2010.09.30"]
[Round "9.3"]
[White "Kahn, Tito"]
[Black "Alhousseyni, Hasseye"]
[Result "1/2-1/2"]
[WhiteElo "2181"]
[BlackElo "2205"]
[PlyCount "65"]
[EventDate "2010.09.21"]
[EventType "team-swiss"]
[EventRounds "11"]
[EventCountry "RUS"]
[SourceTitle "CBM 139"]
[Source "ChessBase"]
[SourceDate "2010.11.18"]
[SourceVersion "1"]
[SourceVersionDate "2010.11.18"]
[SourceQuality "1"]
[WhiteTeam "Jersey"]
[BlackTeam "Mali"]
[WhiteTeamCountry "JCI"]
[BlackTeamCountry "MLI"]

1. c4 Nf6 2. g3 g6 3. Bg2 Bg7 4. Nc3 0-0 5. e4 d6 6. Nge2 c5 7. 0-0 Nc6 8. d3 Bg4 9. h3 Bd7 10. Nd5 e6 11. Nxf6+ Bxf6 12. Rb1 Nd4 13. Bh6 Re8 14. f4 Bc6 15. Nc3 a6 16. Ne2 Qa5 17. f5 exf5 18. Nf4 Qd8 19. g4 fxe4 20. dxe4 Bxe4 21. Bxe4 Rxe4 22. Qd3 Re8 23. Nd5 Be5 24. g5 Nf5 25. Rxf5 gxf5 26. Qxf5 Bd4+ 27. Kh1 Qc8 28. Qf3 Qe6 29. Nf6+ Bxf6 30. gxf6 Qe4 31. Rg1+ Kh8 32. Bg7+ Kg8 33. Bh6+ 1/2-1/2

[Event "Olympiad-39"]
[Site "Khanty-Mansiysk"]
[Date "2010.09.21"]
[Round "1.4"]
[White "Kahn, Tito"]
[Black "Podolchenko, Evgeniy"]
[Result "0-1"]
[WhiteElo "2181"]
[BlackElo "2506"]
[PlyCount "44"]
[EventDate "2010.09.21"]
[EventType "team-swiss"]
[EventRounds "11"]
[EventCountry "RUS"]
[SourceTitle "CBM 139"]
[Source "ChessBase"]
[SourceDate "2010.11.18"]
[SourceVersion "1"]
[SourceVersionDate "2010.11.18"]
[SourceQuality "1"]
[WhiteTeam "Jersey"]
[BlackTeam "Belarus"]
[WhiteTeamCountry "JCI"]
[BlackTeamCountry "BLR"]

1. c4 Nf6 2. g3 c6 3. Bg2 d5 4. Nf3 Bg4 5. 0-0 Nbd7 6. d4 e6 7. b3 Be7 8. Bb2 0-0 9. Nbd2 a5 10. a4 Bb4 11. Ne5 Nxe5 12. dxe5 Nd7 13. h3 Bh5 14. g4 Bg6 15. f4 Qb6+ 16. Kh1 f5 17. exf6 Nxf6 18. Nf3 Ne4 19. Bd4 Bc5 20. Kh2 Rxf4 21. Be5 Rff8 22. cxd5 exd5 0-1